00515nam a22001697a 450000500170000001000150001702000260003203500130005803700130007108200140008410000210009824500700011926000380018927000440022730000240027150000500029520161006170421.0 aENG-116186 a9789385329029c650.00 aEN-99718 bDBAD/PUB a079.54552 aBasra,Amrit Kaur aPress and politics in the Punjab 1860-1905 /cby Amrit Kaur Basra aDelhibShree Kala Prakashanc2015 a42/43,U.B. Jawahar NagarbDelhie110007 axvi,197p.c21cm(Hb) aIncludes bibliographical references and index